00704nam a2200241 a 4500001001300000003000900013005001700022008004100039020001000080082001300090100002200103245003700125260004500162300000900207500003500216505004600251650002200297700002200319902000800341942000700349952009300356999001300449nice12345678IN_TiNIC20260116011308.0050524s1937 coca grp 000 0 eng  ac10000a226bDAN aDaniel, Orville E aCombined Harmony of the Gospels. aCocanada, IndiabBaptist Book Roomc1937 a417p aincludes index and biblioraphy2 aThe assumption of Moses tr. by Ferrar a g aBible N.T. Gospel1 aDaniel, Orville E bSRS cBK 00104070aHMIbHMId2007-10-30g100.00l0o226 DANp1759r2007-10-30w2026-01-16yARB c260d260